The Flash CW Season 3 - Statistics

General Stats
  • This quiz has been taken 12 times
  • The average score is 9 of 15
Answer Stats
Hint Answer % Correct
New Villain and future remnant of Barry Savitar
100%
Who was freed from the Speedforce Savitar
100%
Who goes into the Speedforce prison Barry Allen
71%
Who does Savitar want to kill Iris West
71%
Who takes over as the leader of Team Flash Iris West
71%
Who was stuck in the Speedforce Wally West
71%
Who does Cisco become in love with Gypsy
57%
Harrison Wells joins, how is his name as H.R. Wells
57%
Who ultimately dies to Savitar H.R. Wells
57%
Someone gains Speedforce powers Jesse Quick
57%
Who leaves after beating Savitar Caitlin Snow
43%
Who did Barry lock up in the Flashpoint Eobard Thawne
43%
Who shows up to take over the city Gorilla Grodd
43%
Someone new showed up who was it Julian Albert
29%
Two people returned to Earth-2 Jesse and Harry Wells
14%
No matching quizzes found
Score Distribution
Percent of People with Each Score
Percentile by Number Answered
Your Score History
You have not taken this quiz